| 000 | 00652nam a2200205Ia 4500 | ||
|---|---|---|---|
| 003 | GCL | ||
| 008 | 140319s9999 xx 000 0 ara d | ||
| 020 | _a2375887977 | ||
| 040 |
_aGCL / _cGCL |
||
| 082 | 0 | 4 |
_a818.03 _bا س |
| 100 | 1 | _aايمن الحكيم | |
| 245 | 1 | 0 |
_aسنوات الفن والسجن والدموع - مذكرات الشيخ امام / _cايمن الحكيم |
| 250 | _aالاولى | ||
| 260 |
_aالقاهرة : _bدار الاحمدى للنشر ، _c2001 |
||
| 300 |
_a258 ص ؛ _c20 سم |
||
| 650 | 0 | 4 | _aالمذكرات |
| 650 | 0 | 4 | _aالتراجم الادبية |
| 650 | 0 | 4 | _aالشيخ امام |
| 942 |
_2ddc _cBK |
||
| 999 |
_c4885 _d4885 |
||